Principles of Property Law : (Record no. 503)

MARC details
000 -LEADER
fixed length control field 00491nam a22001337a 4500
008 - FIXED-LENGTH DATA ELEMENTS--GENERAL INFORMATION
fixed length control field 110421t xxu||||| |||| 00| 0 eng d
082 ## - DEWEY DECIMAL CLASSIFICATION NUMBER
Classification number 346.04 JAC
100 ## - MAIN ENTRY--PERSONAL NAME
Personal name Jackson David.
9 (RLIN) 1475
245 ## - TITLE STATEMENT
Title Principles of Property Law :
Statement of responsibility, etc David, Jackson /
260 ## - PUBLICATION, DISTRIBUTION, ETC. (IMPRINT)
Place of publication, distribution, etc Australia:
Name of publisher, distributor, etc Law book Company LTD.
Date of publication, distribution, etc 1967.
300 ## - PHYSICAL DESCRIPTION
Extent xxvi, 418p.;
Dimensions 22 cm.
942 ## - ADDED ENTRY ELEMENTS (KOHA)
Source of classification or shelving scheme Dewey Decimal Classification
Item type Books
Holdings
Withdrawn status Lost status Source of classification or shelving scheme Damaged status Not for loan Home library Current library Shelving location Date acquired Total Checkouts Full call number Barcode Date last seen Price effective from Koha item type
    Dewey Decimal Classification     Law Development Centre Main Library Law Development Centre Main Library Text Books and Laws 04/21/2011   346.04 JAC 2011/2393 04/21/2011 04/21/2011 Books